00385nam a22001337a 450000500170000000800410001704100130005808200130007110000130008424500410009726000610013830000260019965000260022520240607130730.0240607b |||||||| |||| 00| 0 eng d aEnglish  a349 LAW  lEnglish  aThe All England Law Reports: Reprint aLondon: bButterworth and Company Publishers Ltd, c1962 b1147 pages; c25 cm.  aLegal practice bLaw